名字含有河流的县区 洞庭篇 Counties with rivers in their names - Statistics

General Stats
  • This quiz has been taken 73 times
  • The average score is 12 of 18
Answer Stats
省区 县区 % Correct
湖南省 沅江市
96%
湖南省 资阳区
87%
湖南省 湘潭县
84%
湖南省 澧县
82%
湖南省 临澧县
80%
湖南省 湘乡市
80%
湖南省 临湘市
76%
湖南省 沅陵县
69%
湖南省 湘阴县
69%
四川省 资中县
67%
湖南省 资兴市
65%
广西省 资源县
65%
江西省 湘东区
56%
江西省 资溪县
56%
湖南省 蒸湘区
55%
广东省 湘桥区
53%
内蒙古 卓资县
44%
云南省 镇沅彝族哈尼族拉祜族自治县
42%
No matching quizzes found
Score Distribution
Percent of People with Each Score
Percentile by Number Answered
Your Score History
You have not taken this quiz